Evaluación del potencial de erosión de un suelo artificial con vegetación elaborado a partir de lodos provenientes de una planta de tratamiento de aguas residuales
Salvato in:
| Autore principale: | |
|---|---|
| Altri autori: | |
| Natura: | Libro |
| Lingua: | Spanish |
| Pubblicazione: |
[San José], Costa Rica
2023
|
| Soggetti: | |
| Tags: |
Aggiungi Tag
Nessun Tag, puoi essere il primo ad aggiungerne!!
|
MARC
| LEADER | 00000nam a2200000Ia 4500 | ||
|---|---|---|---|
| 003 | 013669 | ||
| 005 | 20230720091302.0 | ||
| 008 | 140114s2023 cr a 000 ||spa d | ||
| 040 | |c cru CEDI | ||
| 100 | |a Barrantes Arias, José Carlos, 1992- |9 980 | ||
| 245 | |a Evaluación del potencial de erosión de un suelo artificial con vegetación elaborado a partir de lodos provenientes de una planta de tratamiento de aguas residuales | ||
| 260 | |a [San José], Costa Rica |c 2023 | ||
| 500 | |a Proyecto de graduación (licenciatura en ingeniería civil)--Universidad de Costa Rica. Facultad de Ingeniería. Escuela de Ingeniería Civil | ||
| 501 | |a Directora de Proyecto de Graduación: MSc. Paola Vidal Rivera | ||
| 650 | |x RESISTENCIA DE SUELOS AL ESFUERZO DE CORTE - PRUEBAS |x EROSION DE SUELOS |x PROPIEDADES MECANICAS |x LODOS RESIDUALES |x TRATAMIENTO DE LODOS |x CONSERVACION DE SUELOS |x PLANTAS PARA TRATAMIENTO DE AGUAS RESIDUALES | ||
| 700 | |9 2 |a Vidal Rivera, Paola Marcela 1979- |d Directora del TFG | ||
| 942 | |c CEDI |h TFG 8850 |6 TFG_8850_000000000000000 | ||
| 999 | |c 11871 |d 11871 | ||
